Worst U.S State Stereotypes - Statistics

General Stats
  • This quiz has been taken 167 times
  • The average score is 18 of 20
Answer Stats
Hint Answer % Correct
Surfers and movie stars California
100%
Rednecks and alligators Florida
98%
Pinapples and surfers Hawaii
97%
Cowboys and guns Texas
97%
Taxi cabs and rude people New York
96%
Gambling and gangsters Nevada
93%
Rednecks and incest Alabama
92%
Mormans and more Mormans Utah
91%
Rain and volcanoes Washington
91%
Lobsters and Stephen King Maine
89%
Cheese and beer Wisconsin
89%
Take me home country roads West Virginia
88%
Oil and cold Alaska
87%
Mountains and weed Colorado
87%
Vudo and Jazz Louisiana
87%
Cheese stakes and Amish people Pennsylvania
87%
Yellowstone and cowboys Wyoming
87%
Country music and Dolly Parton Tennessee
84%
Canadians and lakes Minnesota
83%
Hipsters and socialists Oregon
82%
No matching quizzes found
Score Distribution
Percent of People with Each Score
Percentile by Number Answered
Your Score History
You have not taken this quiz